00821nam a22002537a 45000010005000000030006000050050017000110080041000280200017000690400023000860500019001090820008001281000029001362450036001652500041002012600035002423000024002775050007003015200176003085210018004845210018005026500025005206500022005456463FISKH20250506092010.0250506b cb ||||| |||| 00| 0 eng d a078073001958 aDLCcDLCdDLCbeng aPZ7.M3567585 B a8131 aMartin, Ann M.,d(1955-)10aBummer summer /cAnn M. Martin. aThis edition first published in 1983 aNew York :bScholastic,c1983. a152 pages :c20 cm. aJ  aWhen twelve-year-old Kammy has difficulty accepting her new family after her father's remarriage, a summer at Camp Arrowhead helps her to put her home life in perspective.8 a440 bLexile 8 aJ bRaz-Plus  1aRemarriagexFiction. 1aCampingxFiction.